000
00284nam a2200121Ia 4500
005
20251222144649.0
008
251222s9999||||xx |||||||||||||| ||spa||
082
_a
800.5/Q62
100
_a
Quintana, MartÃn
245
0
_a
Literatura Universal
264
_b
MQ Ediciones
942
_c
LIB
999
_c
16973
_d
16973